| 000 | 00424nam a2200133 4500 | ||
|---|---|---|---|
| 999 |
_c13780 _d13780 |
||
| 008 | 190410b ||||| |||| 00| 0 eng d | ||
| 082 | _aDPer 050 T48 Apr-June 2016 v. 187, n. 12-24 | ||
| 100 |
_aEvans, Janet. _938291 |
||
| 245 |
_aKatie Ledecky: _bspeed demon/ _cJanet Evans. |
||
| 260 |
_aHong Kong: _bTime Asia, _cc2016. |
||
| 300 |
_av187 n16-17, page 41: _billustrations; _c27 cm. |
||
| 650 | _2Athletes. | ||
| 942 |
_2ddc _cPER |
||